LEADER 02342oas 2200805 a 450 001 9910693424903321 005 20251105213014.0 011 $a1946-9659 035 $a(OCoLC)297955591 035 $a(CONSER) 2009207475 035 $a(CKB)991042732726260 035 $a(EXLCZ)99991042732726260 100 $a20090109a19459999 ua a 101 0 $aeng 135 $aur||||||||||| 181 $ctxt$2rdacontent 182 $cc$2rdamedia 183 $acr$2rdacarrier 200 10$aHighway statistics$iSummary to .. 210 $aWashington, D.C. $cPublic Roads Administration, Federal Works Agency 311 08$a1099-9701 606 $aRoads$zUnited States$vStatistics$vPeriodicals 606 $aTransportation, Automotive$zUnited States$vStatistics$vPeriodicals 606 $aRoutes$zE?tats-Unis$vStatistiques$vPe?riodiques 606 $aTransports routiers$zE?tats-Unis$vStatistiques$vPe?riodiques 606 $aRoads$2fast$3(OCoLC)fst01098511 606 $aTransportation, Automotive$2fast$3(OCoLC)fst01155327 607 $aUnited States$2fast$1https://id.oclc.org/worldcat/entity/E39PBJtxgQXMWqmjMjjwXRHgrq 608 $aStatistics. 608 $aPeriodical. 608 $aperiodicals.$2aat 608 $aPeriodicals.$2fast 608 $aStatistics.$2fast 608 $aStatistics.$2lcgft 608 $aPeriodicals.$2lcgft 608 $aStatistiques.$2rvmgf 608 $aPe?riodiques.$2rvmgf 615 0$aRoads 615 0$aTransportation, Automotive 615 6$aRoutes 615 6$aTransports routiers 615 7$aRoads. 615 7$aTransportation, Automotive. 676 $a388 712 02$aUnited States.$bPublic Roads Administration. 712 02$aUnited States.$bBureau of Public Roads. 712 02$aUnited States.$bFederal Highway Administration. 801 0$bOCLCE 801 1$bOCLCE 801 2$bOCLCE 801 2$bDLC 801 2$bOCLCQ 801 2$bDLC 801 2$bGPO 801 2$bOCLCQ 801 2$bOCLCF 801 2$bOCLCO 801 2$bOCLCQ 801 2$bFEM 801 2$bOCLCQ 801 2$bCOM 801 2$bOCLCO 801 2$bOCLCL 801 2$bDOS 801 2$bOCLCL 801 2$bOCLCQ 906 $aJOURNAL 912 $a9910693424903321 996 $aHighway statistics$93173905 997 $aUNINA